000 00715nam a2200253Ia 4500
003 OSt
005 20221006141023.0
006 a|||||r|||| 00| 0
007 ta
008 221006b |||||||| |||| 00| 0 chi d
024 _a1,189
037 _bGift, PRC
_cTextual
040 _aEASL
_cEASL
_bchi
041 _2chi
_achi
082 _ak41,N92, N2.48
100 _aJIANG Chunfang Ed.
_9644005
245 0 _aZhongguo da baike quan shu
260 _aBeijing
_bZhongguo da baike quan shu
_c1992
300 _a587-1314p
_ccm.
490 _v V.48
700 _a MEI Yi Ed.
_9644006
942 _hk41,N92, N2.48
_cTEXL
_2CC
999 _c1069275
_d1069275